00462cam a2200145 4500008004100000020001500041035001200056245008100068250001100149260004000160300002100200504002900221650003000250700003600280070626s2003 sp 000 0 spa u a8497721772 aa46193810aClaves de la filosofía de la educación /ced. María García Amilburu. a1a ed. aMadrid, España:bDykinson, c2003 a346 p. ;c22 cm. aBibliografias p. 333-346 4aEducación xFilosofía1 aGarcía Amilburu, María, ed.